| 000 | 00364 a2200157 4500 | ||
|---|---|---|---|
| 001 | 165611 | ||
| 020 | _a | ||
| 040 | _cMagnum | ||
| 100 | _aNogueira, Maria Alice | ||
| 240 | 1 | 0 |
_aEducacao, saber, producao em marx e engels _lpor |
| 245 | 1 | 0 | _aEducacao, saber, producao em marx e engels |
| 362 | 0 | _a1899 | |
| 440 | 1 | _aCortez | |
| 697 | _aENSINO | ||
| 942 | _cBK | ||
| 999 |
_c165611 _d165611 |
||